Connaissez-vous bien Astérix et Obélix ? - Statistiques

Statistiques générales
  • Ce quiz a été pris 160 fois
  • Le résultat moyen est 4 sur 7
Answers on the Grid
Answers color-coded by a green-red scale on the quiz's grid according to % correct below.
Astérix le Gaulois
Astérix et les Goths
Le Divin
L'anniversaire de César
La Zizanie
Astérix et les mangeurs de fromage
Obélix en Corse
Astérix chez Rahàzade
Astérix et la Transitalique
Le régime d'Obelix
Les Douze Travaux d'Astérix
Les gaulois en pèlerinage
Obélix et les 100 sangliers
Astérix en Lusitanie
Astérix chez Suskikix
 
Statistiques - réponses
Réponse % Correct
Astérix le Gaulois
89%
La Zizanie
61%
Astérix et les Goths
57%
Les Douze Travaux d'Astérix
54%
Astérix et la Transitalique
43%
Astérix chez Rahàzade
40%
Astérix en Lusitanie
33%
Aucun quiz correspondant
Distribution des résultats
% des personnes avec chaque résultat
Percentile par nombre de réponses
Votre historique - résultats
Vous n’avez pas pris ce quiz